| Tag |
First Indicator |
Second Indicator |
Subfields |
| LEADER |
00000cam a2200000 a 4500 |
| 001 |
in00000035128 |
| 005 |
20151007055309.0 |
| 008 |
870114s1987 ne b 00110 eng |
| 010 |
|
|
|a 87000674
|
| 020 |
|
|
|a 9004078622 :
|c fl 80.00 (est.)
|
| 035 |
|
|
|a (OCoLC)15163754
|
| 035 |
|
|
|9 AAB7832AM
|
| 040 |
|
|
|a DLC
|c DLC
|d TXA
|d UtOrBLW
|
| 041 |
0 |
|
|a eng
|a grc
|
| 043 |
|
|
|a e-gr---
|
| 049 |
|
|
|a TXAM
|c [A11088076]
|
| 050 |
0 |
0 |
|a PA4037
|b .S22 1987
|
| 082 |
0 |
|
|a 883/.01
|2 19
|
| 100 |
1 |
|
|a Sacks, Richard.
|
| 245 |
1 |
4 |
|a The traditional phrase in Homer :
|b two studies in form, meaning and interpretation /
|c by Richard Sacks.
|
| 264 |
|
1 |
|a Leiden ;
|a New York :
|b Brill,
|c 1987.
|
| 300 |
|
|
|a x, 241 pages ;
|c 25 cm.
|
| 336 |
|
|
|a text
|b txt
|2 rdacontent
|
| 337 |
|
|
|a unmediated
|b n
|2 rdamedia
|
| 338 |
|
|
|a volume
|b nc
|2 rdacarrier
|
| 490 |
1 |
|
|a Columbia studies in the classical tradition,
|x 0166-1302 ;
|v v. 14
|
| 504 |
|
|
|a Bibliography: pages [227]-231.
|
| 500 |
|
|
|a Includes indexes.
|
| 600 |
0 |
0 |
|a Homer
|x Criticism and interpretation.
|
| 600 |
0 |
0 |
|a Theognis
|x Criticism and interpretation.
|
| 650 |
|
0 |
|a Greek language
|x Epithets.
|
| 650 |
|
0 |
|a Greek poetry
|x History and criticism.
|
| 650 |
|
0 |
|a Hector (Legendary character) in literature.
|
| 650 |
|
0 |
|a Oral tradition
|z Greece.
|
| 830 |
|
0 |
|a Columbia studies in the classical tradition ;
|v v. 14.
|
| 999 |
|
|
|a MARS
|
| 999 |
f |
f |
|s 922b030e-feec-33f4-92d0-7d05ad6dd772
|i 334ce6b3-5219-3991-a540-92e3c8a022cf
|t 0
|
| 952 |
f |
f |
|p normal
|a Texas A&M University
|b College Station
|c Sterling C. Evans Library
|d Evans: Library Stacks
|t 0
|e PA4037 .S22 1987
|h Library of Congress classification
|i unmediated -- volume
|m A14811088076
|
| 998 |
f |
f |
|a PA4037 .S22 1987
|t 0
|l Evans: Library Stacks
|